000
00353nam a2200133Ia 4500
001
8655
003
GE_BSU
008
181216s||||||||xx |||||||||||||| ||und||
040
_c
GE_BSU
245
_a
Компьютер -пресс №12 Декабрь, 2013
245
_c
Гл.ред. А.В.Синев
653
_a
Компьютер -пресс
942
_c
CR
999
_c
41971
_d
41971